[Event "ÕÕÕII Nezhmetdinov Memorial"]
[Site "?"]
[Date "2010.06.07"]
[Round "8.32"]
[White "Zaynutdinov, Iskander"]
[Black "Talov, Nikita"]
[Result "1-0"]
[WhiteElo "1986"]
[BlackElo "2087"]
[PlyCount "83"]
[EventDate "2010.06.01"]
[SourceDate "2010.06.07"]

1. d4 c5 2. d5 e5 3. c4 d6 4. e4 g6 5. Nc3 Bg7 6. Nf3 Ne7 7. h4 Bg4 8. Be2 O-O
9. Nh2 Bxe2 10. Qxe2 f5 11. h5 Nd7 12. hxg6 Nxg6 13. exf5 Rxf5 14. Ne4 Nf4 15.
Qf1 Qb6 16. g3 Qb4+ 17. Kd1 Nxd5 18. Qh3 Ne7 19. Nxd6 Nf6 20. Ke2 Rd8 21. Rd1
Rxd6 22. Rxd6 Qxc4+ 23. Kd1 Ne4 24. Rd8+ Kf7 25. Be3 Nxf2+ 26. Bxf2 Rxf2 27.
Rd2 Rxd2+ 28. Kxd2 Qd4+ 29. Ke1 Qxb2 30. Rd1 Qb6 31. Qxh7 c4 32. Qe4 Qg1+ 33.
Nf1 b5 34. Qf3+ Bf6 35. Rd6 Ng8 36. Qd5+ Kf8 37. Qxb5 c3 38. Qc4 e4 39. Qxe4
Qc5 40. Rc6 Qg5 41. Qf4 Qd5 42. Qd6+ 1-0

[Event "ÕÕÕII Nezhmetdinov Memorial"]
[Site "?"]
[Date "2010.06.07"]
[Round "8.33"]
[White "Khairullin, Adel"]
[Black "Beliaev, Vasily"]
[Result "1/2-1/2"]
[WhiteElo "1916"]
[BlackElo "2064"]
[PlyCount "56"]
[EventDate "2010.06.01"]
[SourceDate "2010.06.07"]

1. e4 c5 2. Nf3 e6 3. d4 cxd4 4. Nxd4 a6 5. Nc3 b5 6. a3 Bb7 7. Bd3 Qb6 8. Nb3
Qc7 9. Be3 Nf6 10. f4 h5 11. h3 b4 12. axb4 Bxb4 13. O-O Bxc3 14. bxc3 Bxe4 15.
Bd4 Bxd3 16. cxd3 Nc6 17. Bxf6 gxf6 18. f5 Qb6+ 19. d4 e5 20. Kh1 d5 21. dxe5
Nxe5 22. Re1 O-O-O 23. Nd4 Ng4 24. hxg4 hxg4+ 25. Kg1 Qd6 26. Qd3 Qh2+ 27. Kf2
Qf4+ 28. Kg1 Qh2+ 1/2-1/2

[Event "ÕÕÕII Nezhmetdinov Memorial"]
[Site "?"]
[Date "2010.06.07"]
[Round "8.34"]
[White "Semenova, Anastasia"]
[Black "Talipov, Nafis"]
[Result "0-1"]
[WhiteElo "1898"]
[BlackElo "2050"]
[PlyCount "30"]
[EventDate "2010.06.01"]
[SourceDate "2010.06.07"]

1. e4 e5 2. Nf3 Nc6 3. Bb5 f5 4. d3 fxe4 5. dxe4 Nf6 6. O-O Bc5 7. Nc3 d6 8. a3
O-O 9. Bc4+ Kh8 10. Ng5 Qe8 11. Nd5 Nxd5 12. Qxd5 Nd8 13. b4 Bd4 14. Rb1 h6 15.
Rb3 hxg5 0-1

[Event "ÕÕÕII Nezhmetdinov Memorial"]
[Site "?"]
[Date "2010.06.07"]
[Round "8.35"]
[White "Yarullina, Alina"]
[Black "Faizrakhmanov, Ilmir"]
[Result "0-1"]
[WhiteElo "2048"]
[BlackElo "1912"]
[PlyCount "78"]
[EventDate "2010.06.01"]
[SourceDate "2010.06.07"]

1. e4 e5 2. Nf3 d6 3. d4 Nf6 4. Nc3 Nbd7 5. Bc4 Be7 6. O-O O-O 7. Re1 h6 8. b3
c6 9. a4 Qc7 10. Bb2 Nb6 11. Bd3 Bg4 12. Na2 Nbd7 13. h3 Bh5 14. c3 Rfe8 15.
Ba3 d5 16. Bxe7 Rxe7 17. exd5 cxd5 18. g4 Nxg4 19. hxg4 Bxg4 20. Be2 Rae8 21.
Nh2 Bxe2 22. Rxe2 e4 23. Ng4 Re6 24. Nh2 Rg6+ 25. Kh1 Nf6 26. Re3 Qf4 27. Qe2
Ng4 28. Nxg4 Rxg4 29. Rg1 Rh4+ 30. Kg2 Re6 31. Rg3 g5 32. c4 dxc4 33. d5 Re5
34. bxc4 e3 35. d6 exf2 36. Qxf2 Rh2+ 37. Kxh2 Qxf2+ 38. R1g2 Qd4 39. Nc3 Qxd6
0-1

[Event "ÕÕÕII Nezhmetdinov Memorial"]
[Site "?"]
[Date "2010.06.07"]
[Round "8.36"]
[White "Zakharov, Kirill"]
[Black "Glukhov, Alexander"]
[Result "0-1"]
[WhiteElo "1911"]
[BlackElo "2034"]
[PlyCount "72"]
[EventDate "2010.06.01"]
[SourceDate "2009.11.20"]

1. d4 Nf6 2. Nf3 g6 3. Bf4 Bg7 4. Nbd2 d5 5. e3 Bf5 6. Be2 O-O 7. O-O Nbd7 8.
h3 c5 9. Ne5 Rc8 10. c3 Ne4 11. f3 Nxd2 12. Qxd2 f6 13. Nxd7 Qxd7 14. dxc5 e5
15. Bg3 Rxc5 16. Bf2 Rcc8 17. Rfd1 Rfd8 18. Rac1 Bh6 19. g4 Be6 20. Bh4 d4 21.
cxd4 Rxc1 22. Rxc1 Qxd4 23. exd4 Bxd2 24. Rd1 Be3+ 25. Kg2 g5 26. Bf2 Bxd4 27.
Bxd4 Rxd4 28. Rxd4 exd4 29. b3 Bd5 30. Bd3 h6 31. Be4 Bxe4 32. fxe4 Kf7 33. Kf3
Ke6 34. Ke2 Ke5 35. Kd3 b6 36. a4 a5 0-1

[Event "ÕÕÕII Nezhmetdinov Memorial"]
[Site "?"]
[Date "2010.06.07"]
[Round "8.37"]
[White "Mukhametgaleeva, Railia"]
[Black "Ibraev, Vasilij"]
[Result "1/2-1/2"]
[WhiteElo "1932"]
[BlackElo "2258"]
[PlyCount "80"]
[EventDate "2010.06.01"]
[SourceDate "2010.06.08"]

1. e4 c5 2. Nf3 d6 3. d4 cxd4 4. Nxd4 Nf6 5. Nc3 a6 6. Bc4 e6 7. Bb3 Nbd7 8.
Bg5 Nc5 9. O-O Be7 10. Re1 Qc7 11. f4 h6 12. Bh4 O-O 13. e5 dxe5 14. fxe5 Ne8
15. Bxe7 Qxe7 16. Ne4 Nxe4 17. Rxe4 Bd7 18. c3 Nc7 19. Qe2 Nb5 20. Bc2 Rad8 21.
Qd3 g6 22. Qg3 Nxd4 23. Rxd4 Be8 24. Rf4 Rd2 25. Be4 Qc5+ 26. Kh1 Qxe5 27. Raf1
f5 28. Bxb7 Kg7 29. Bxa6 Rxb2 30. Re1 Qf6 31. Bc4 Bc6 32. Bf1 Rxa2 33. Rd4 Bd5
34. Qc7+ Rf7 35. Qd6 Rc2 36. Rxd5 exd5 37. Re6 Qg5 38. Qe5+ Kh7 39. Qxd5 Rxc3
40. Rc6 Rc7 1/2-1/2

[Event "ÕÕÕII Nezhmetdinov Memorial"]
[Site "?"]
[Date "2010.06.07"]
[Round "8.38"]
[White "Garifulin, Ildar"]
[Black "Emelianov, Fedor"]
[Result "0-1"]
[WhiteElo "1847"]
[BlackElo "2165"]
[PlyCount "48"]
[EventDate "2010.06.01"]
[SourceDate "2009.11.20"]

1. e4 d5 2. exd5 Nf6 3. d4 Nxd5 4. Nf3 g6 5. c4 Nb6 6. Be2 Bg7 7. Nc3 O-O 8.
Be3 Bg4 9. Qd2 Bxf3 10. gxf3 a5 11. O-O-O Nc6 12. f4 a4 13. f5 Na5 14. fxg6
hxg6 15. Bh6 Naxc4 16. Qf4 Qd6 17. Kc2 Qxf4 18. Bxf4 Nd6 19. h4 Nf5 20. Be5
Bxe5 21. dxe5 Rfd8 22. Bd3 Ng7 23. Ne4 Ra5 24. f4 Nd5 0-1

[Event "ÕÕÕII Nezhmetdinov Memorial"]
[Site "?"]
[Date "2010.06.07"]
[Round "8.39"]
[White "Riazanov, Alexey"]
[Black "Gabaidulina, Olga"]
[Result "1-0"]
[WhiteElo "2114"]
[BlackElo "1857"]
[PlyCount "58"]
[EventDate "2010.06.01"]
[SourceDate "2010.06.08"]

1. d4 Nf6 2. c4 g6 3. Nc3 c5 4. d5 Bg7 5. e4 d6 6. f4 Nbd7 7. Nf3 a6 8. Bd3 Rb8
9. O-O O-O 10. Re1 Re8 11. a3 e5 12. dxe6 fxe6 13. e5 dxe5 14. fxe5 Nh5 15. g4
Nxe5 16. Nxe5 Qd4+ 17. Kg2 Nf4+ 18. Bxf4 Qxf4 19. Nf3 Bxc3 20. bxc3 b5 21. cxb5
axb5 22. Qe2 b4 23. Qe5 Qxe5 24. Rxe5 Rd8 25. Ne1 bxc3 26. Rxc5 Bb7+ 27. Kf2
Rbc8 28. Rxc8 Rxc8 29. Ke3 e5 1-0

[Event "ÕÕÕII Nezhmetdinov Memorial"]
[Site "?"]
[Date "2010.06.07"]
[Round "8.40"]
[White "Ryskanov, Ildar"]
[Black "Malin, Denis"]
[Result "1-0"]
[WhiteElo "1976"]
[BlackElo "2068"]
[PlyCount "31"]
[EventDate "2010.06.01"]
[SourceDate "2010.06.08"]

1. e4 e5 2. Nf3 f5 3. exf5 e4 4. Ne5 Qf6 5. d4 d6 6. Qh5+ Ke7 7. Bg5 dxe5 8.
dxe5 Qxg5 9. Qxg5+ Ke8 10. Nc3 Ne7 11. f6 gxf6 12. Qxf6 Rg8 13. e6 Rg7 14.
O-O-O Nbc6 15. Bb5 a6 16. Rd8+ 1-0

[Event "ÕÕÕII Nezhmetdinov Memorial"]
[Site "?"]
[Date "2010.06.07"]
[Round "8.41"]
[White "Bibilashvili, Anna"]
[Black "Pavlov, Viktor"]
[Result "0-1"]
[WhiteElo "1920"]
[BlackElo "2033"]
[PlyCount "82"]
[EventDate "2010.06.01"]
[SourceDate "2010.06.08"]

1. e4 e6 2. d4 d5 3. Nd2 Nf6 4. e5 Nfd7 5. Bd3 c5 6. c3 Nc6 7. Ne2 Qb6 8. Nf3
cxd4 9. cxd4 Be7 10. O-O O-O 11. a3 f6 12. exf6 Nxf6 13. Re1 Bd6 14. Bf4 Qc7
15. Bxd6 Qxd6 16. Ng3 h6 17. Bc2 Bd7 18. Qd3 Ne7 19. Ne5 Be8 20. Re3 Rc8 21.
Rf3 Qc7 22. Rc1 g6 23. Ne2 Qb6 24. b4 Kg7 25. g4 Bb5 26. Qd2 Bxe2 27. Qxe2 Qxd4
28. Rd1 Qb2 29. Rd2 Qa1+ 30. Kg2 Ne4 31. Rxf8 Rxf8 32. Bxe4 Qxe5 33. Bd3 Qxe2
34. Rxe2 Kf6 35. h4 g5 36. h5 Rc8 37. a4 e5 38. f3 Rc3 39. Bc2 Nc6 40. Bd1 Nxb4
41. Rb2 a5 0-1

[Event "ÕÕÕII Nezhmetdinov Memorial"]
[Site "?"]
[Date "2010.06.07"]
[Round "8.43"]
[White "Galimzianova, Aliya"]
[Black "Ivanov, Nikolay A."]
[Result "1/2-1/2"]
[WhiteElo "1908"]
[BlackElo "1977"]
[PlyCount "150"]
[EventDate "2010.06.01"]
[SourceDate "2010.06.08"]

1. e4 c5 2. Nf3 e6 3. d4 cxd4 4. Nxd4 Nf6 5. Nc3 Nc6 6. g3 Bc5 7. Nb3 Bb4 8.
Bg2 d5 9. exd5 Nxd5 10. Bd2 Nxc3 11. bxc3 Be7 12. O-O O-O 13. Qh5 Qc7 14. Rad1
g6 15. Qf3 e5 16. Bh6 Re8 17. Qe3 Bg4 18. Rde1 Bf8 19. Bxf8 Kxf8 20. Nc5 Bf5
21. Be4 Bxe4 22. Nxe4 Kg7 23. Rd1 Rad8 24. Rd3 f5 25. Nc5 b6 26. Nb3 e4 27.
Rxd8 Rxd8 28. f3 exf3 29. Qxf3 Qd6 30. Re1 Rd7 31. Qf2 h6 32. Rf1 Qd5 33. Qf4
Qe5 34. Qxe5+ Nxe5 35. Nd4 Kf6 36. Re1 Rd5 37. Kf2 Rc5 38. Ne2 Ra5 39. Ra1 Ng4+
40. Kg1 Ne3 41. Nd4 Rc5 42. Re1 Nd5 43. Re6+ Kf7 44. Rc6 Rxc6 45. Nxc6 a5 46.
c4 Nb4 47. Ne5+ Ke6 48. Nxg6 Nxa2 49. Nf4+ Kd6 50. Nd5 b5 51. Ne3 a4 52. cxb5
Nc3 53. Nc4+ Kc5 54. b6 Kc6 55. Kf2 Ne4+ 56. Ke3 Nf6 57. Kd4 Nd7 58. Kc3 Kc5
59. b7 Nb8 60. Ne3 Kc6 61. Kb4 Kxb7 62. Nxf5 Kc6 63. Nxh6 Nd7 64. Kxa4 Kd5 65.
Kb5 Ne5 66. Nf5 Ke4 67. Ne7 Nf3 68. c4 Nxh2 69. c5 Nf3 70. Kb6 Ne5 71. Kc7 Nd3
72. c6 Ne5 73. g4 Nxc6 74. Kxc6 Kf4 75. g5 Kxg5 1/2-1/2

[Event "ÕÕÕII Nezhmetdinov Memorial"]
[Site "?"]
[Date "2010.06.07"]
[Round "8.44"]
[White "Belskiy, Artem"]
[Black "Kurninov, Andrei"]
[Result "1-0"]
[WhiteElo "1622"]
[BlackElo "1766"]
[PlyCount "35"]
[EventDate "2010.06.01"]
[SourceDate "2010.06.08"]

1. d4 d5 2. c4 e6 3. Nc3 Nf6 4. cxd5 exd5 5. Bg5 c6 6. Qc2 Nbd7 7. e3 Qa5 8.
Bd3 Bb4 9. Nge2 O-O 10. O-O Bxc3 11. Nxc3 Ne4 12. Bf4 f5 13. f3 Nxc3 14. bxc3
g6 15. e4 fxe4 16. fxe4 dxe4 17. Bxe4 Kg7 18. Rae1 1-0

[Event "ÕÕÕII Nezhmetdinov Memorial"]
[Site "?"]
[Date "2010.06.07"]
[Round "8.46"]
[White "Iskhakov, Artur"]
[Black "Artemjev, Nikolay"]
[Result "1-0"]
[WhiteElo "1815"]
[BlackElo "2034"]
[PlyCount "103"]
[EventDate "2010.06.01"]
[SourceDate "2010.06.08"]

1. e4 c5 2. c3 e6 3. d4 d5 4. e5 Nc6 5. Nf3 h6 6. Be2 a6 7. a3 b5 8. b4 cxd4 9.
cxd4 Qb6 10. Bb2 Bb7 11. Nbd2 a5 12. bxa5 Rxa5 13. O-O Ra4 14. Nb1 Na5 15. Nc3
Rc4 16. Rb1 Bc6 17. Bxc4 bxc4 18. Ba1 Qd8 19. Nb5 Nb3 20. Rxb3 cxb3 21. Qxb3
Qd7 22. a4 f5 23. Rc1 g5 24. Bc3 Kf7 25. Ra1 Kg6 26. Ne1 Ne7 27. Nd3 Nc8 28.
Ba5 Rh7 29. Rc1 Qb7 30. Qc3 Bxb5 31. axb5 Na7 32. b6 Nb5 33. Qb2 Ba3 34. Qxb5
Bxc1 35. Qe8+ Rf7 36. Qxe6+ Kg7 37. Nxc1 Qa8 38. Nb3 Qa6 39. Qxd5 Qd3 40. h3 g4
41. e6 g3 42. Qe5+ Kh7 43. Qxg3 Qd1+ 44. Kh2 Rg7 45. Qf3 Qf1 46. Qxf5+ Kg8 47.
Qf3 Qa6 48. d5 Qb7 49. Nc5 Qb8+ 50. g3 h5 51. Nd7 Qd6 52. Nf6+ 1-0

[Event "ÕÕÕII Nezhmetdinov Memorial"]
[Site "?"]
[Date "2010.06.08"]
[Round "9.2"]
[White "Shaposhnikov, Evgeny"]
[Black "Sharafiev, Azat"]
[Result "1/2-1/2"]
[WhiteElo "2550"]
[BlackElo "2447"]
[PlyCount "24"]
[EventDate "2010.06.01"]
[SourceDate "2010.06.08"]

1. e4 c5 2. Nf3 Nc6 3. d4 cxd4 4. Nxd4 e6 5. Nb5 d6 6. Bf4 e5 7. Be3 Nf6 8. Bg5
Be6 9. Bxf6 gxf6 10. Nd2 a6 11. Nc3 f5 12. Bc4 Qg5 1/2-1/2

[Event "ÕÕÕII Nezhmetdinov Memorial"]
[Site "?"]
[Date "2010.06.08"]
[Round "9.8"]
[White "Gubaydulin, Talgat"]
[Black "Skomorokhin, Roman"]
[Result "1/2-1/2"]
[WhiteElo "2298"]
[BlackElo "2447"]
[PlyCount "36"]
[EventDate "2010.06.01"]
[SourceDate "2010.06.08"]

1. d4 Nf6 2. c4 c5 3. d5 b5 4. cxb5 a6 5. bxa6 g6 6. Nc3 Bxa6 7. Nf3 Bg7 8. g3
d6 9. Bg2 O-O 10. O-O Nbd7 11. Rb1 Qa5 12. Bd2 Ng4 13. Qc2 Nge5 14. Nxe5 Nxe5
15. b3 Qa3 16. Bc1 Qa5 17. Bd2 Qa3 18. Bc1 Qa5 1/2-1/2

[Event "ÕÕÕII Nezhmetdinov Memorial"]
[Site "?"]
[Date "2010.06.08"]
[Round "9.20"]
[White "Shabalin, Evgeny"]
[Black "Faizrakhmanov, Ramil"]
[Result "1/2-1/2"]
[WhiteElo "2233"]
[BlackElo "1957"]
[PlyCount "22"]
[EventDate "2010.06.01"]
[SourceDate "2010.06.08"]

1. Nf3 Nf6 2. c4 c5 3. d4 cxd4 4. Nxd4 g6 5. Nc3 Bg7 6. e4 d6 7. Be2 O-O 8. O-O
a6 9. Be3 Nc6 10. f3 Nxd4 11. Bxd4 Be6 1/2-1/2

[Event "ÕÕÕII Nezhmetdinov Memorial"]
[Site "?"]
[Date "2010.06.08"]
[Round "9.25"]
[White "Talipov, Nafis"]
[Black "Abdullin, Renat"]
[Result "1/2-1/2"]
[WhiteElo "2050"]
[BlackElo "2135"]
[PlyCount "26"]
[EventDate "2010.06.01"]
[SourceDate "2010.06.08"]

1. d4 Nf6 2. Nf3 e6 3. Bg5 d5 4. e3 Be7 5. Bd3 Nbd7 6. Nbd2 c5 7. c3 O-O 8. O-O
Qc7 9. e4 dxe4 10. Nxe4 b6 11. dxc5 Nxc5 12. Nxc5 Qxc5 13. Qc2 h6 1/2-1/2

[Event "ÕÕÕII Nezhmetdinov Memorial"]
[Site "?"]
[Date "2010.06.08"]
[Round "9.3"]
[White "Galliamova, Alisa"]
[Black "Pridorozhni, Aleksei"]
[Result "0-1"]
[WhiteElo "2487"]
[BlackElo "2554"]
[PlyCount "58"]
[EventDate "2010.06.01"]
[SourceDate "2010.06.08"]

1. d4 d6 2. g3 e5 3. Bg2 c6 4. c4 Be7 5. Nc3 f5 6. e4 Nf6 7. exf5 Bxf5 8. Nf3
Nbd7 9. O-O Bg4 10. Qb3 Qb6 11. Qxb6 axb6 12. dxe5 Nxe5 13. Nxe5 dxe5 14. Be3
Nd7 15. b3 O-O-O 16. Na4 Kc7 17. f4 Bd6 18. fxe5 Bxe5 19. Rae1 Rhe8 20. Be4 b5
21. cxb5 cxb5 22. Rc1+ Kb8 23. Nc5 Bd6 24. Rf4 Nxc5 25. Rxc5 Bxc5 26. Bxc5 Rd1+
27. Kf2 Rd2+ 28. Ke3 Re2+ 29. Kd3 R2xe4 0-1

[Event "ÕÕÕII Nezhmetdinov Memorial"]
[Site "?"]
[Date "2010.06.08"]
[Round "9.14"]
[White "Pokudov, Zakhar"]
[Black "Mokshanov, Alexey"]
[Result "0-1"]
[WhiteElo "1794"]
[BlackElo "2227"]
[PlyCount "60"]
[EventDate "2010.06.01"]
[SourceDate "2010.06.08"]

1. e4 e6 2. d4 d5 3. Nc3 Nf6 4. e5 Nfd7 5. Nce2 c5 6. c3 Nc6 7. f4 Qb6 8. Nf3
f6 9. f5 cxd4 10. fxe6 Ndxe5 11. Nf4 dxc3 12. bxc3 Bc5 13. Nxd5 Qa5 14. Nxe5
Nxe5 15. Bb5+ Kf8 16. e7+ Bxe7 17. Nxe7 Kxe7 18. a4 Qxc3+ 19. Bd2 Qd4 20. Rc1
Bd7 21. Bxd7 Nd3+ 22. Ke2 Nxc1+ 23. Bxc1 Qxd7 24. Ba3+ Ke6 25. Qb3+ Qd5 26.
Qxd5+ Kxd5 27. Kd3 Rhe8 28. Rb1 b6 29. Rb4 Rad8 30. Rc4 Re3+ 0-1

[Event "ÕÕÕII Nezhmetdinov Memorial"]
[Site "?"]
[Date "2010.06.08"]
[Round "9.7"]
[White "Ponfilenok, Vladimir"]
[Black "Poniaev, Ruslan"]
[Result "1/2-1/2"]
[WhiteElo "2451"]
[BlackElo "2256"]
[PlyCount "46"]
[EventDate "2010.06.01"]
[SourceDate "2010.06.08"]

1. d4 Nf6 2. Nf3 d5 3. c4 e6 4. g3 dxc4 5. Bg2 Nc6 6. O-O Rb8 7. Nc3 b5 8. Ne5
Nxe5 9. dxe5 Nd7 10. Qd4 c5 11. Qe3 Qc7 12. f4 Be7 13. a4 a6 14. axb5 axb5 15.
g4 O-O 16. g5 b4 17. Ne4 c3 18. Qg3 Kh8 19. bxc3 b3 20. Ba3 Bb7 21. c4 Ba6 22.
Qc3 Nb6 23. Qxb3 Nxc4 1/2-1/2

[Event "ÕÕÕII Nezhmetdinov Memorial"]
[Site "?"]
[Date "2010.06.08"]
[Round "9.16"]
[White "Makhmutov, Rail"]
[Black "Ospennikov, Dmitry V"]
[Result "1-0"]
[WhiteElo "2108"]
[BlackElo "2243"]
[PlyCount "119"]
[EventDate "2010.06.01"]
[SourceDate "2010.06.08"]

1. e4 c5 2. Nf3 e6 3. c3 Nf6 4. e5 Nd5 5. d4 cxd4 6. cxd4 Nc6 7. Bd3 d6 8. O-O
Be7 9. Nbd2 O-O 10. Re1 Qc7 11. Nf1 b6 12. Qe2 Ndb4 13. Bb1 Rd8 14. Qe4 g6 15.
a3 Nd5 16. Bg5 dxe5 17. dxe5 Nxe5 18. Qxe5 Qxe5 19. Rxe5 f6 20. Rxd5 Rxd5 21.
Bd2 Rd8 22. Ba2 Kf7 23. Re1 Bd6 24. Bc3 Bd7 25. N1d2 Re8 26. Ne4 Be7 27. Nd4
Rad8 28. f4 Bc5 29. Nxc5 bxc5 30. Nb3 Rc8 31. Nd2 Bc6 32. Ne4 Bxe4 33. Rxe4 Rc6
34. Kf2 Rd8 35. g4 Ke7 36. g5 fxg5 37. fxg5 Rf8+ 38. Bf6+ Rxf6+ 39. gxf6+ Kxf6
40. Ra4 Rb6 41. b3 Rd6 42. Ke3 Rd1 43. Rf4+ Ke5 44. Rf2 a5 45. Rc2 Re1+ 46. Kd3
Kf4 47. Kc4 e5 48. Kxc5 e4 49. b4 e3 50. Bc4 axb4 51. axb4 g5 52. b5 g4 53. b6
Rd1 54. b7 Rd8 55. Kc6 h5 56. Kc7 Rf8 57. b8=Q Rxb8 58. Kxb8 h4 59. Kc7 h3 60.
Kd6 1-0

[Event "ÕÕÕII Nezhmetdinov Memorial"]
[Site "?"]
[Date "2010.06.08"]
[Round "9.27"]
[White "Bezgodova, Svetlana"]
[Black "Terentyev, Vitaly"]
[Result "0-1"]
[WhiteElo "2112"]
[BlackElo "2000"]
[PlyCount "92"]
[EventDate "2010.06.01"]
[SourceDate "2010.06.08"]

1. Nf3 g6 2. e4 Bg7 3. d4 d6 4. Nc3 Nf6 5. Be2 O-O 6. O-O a6 7. a4 b6 8. Re1
Bb7 9. Bf1 e6 10. h3 c5 11. Bg5 h6 12. Bh4 g5 13. Bg3 cxd4 14. Nxd4 Ne8 15. Qd2
Bxd4 16. Qxd4 Nc6 17. Qe3 e5 18. f3 Nd4 19. Bd3 Ng7 20. Bf2 Nge6 21. Nd1 Nf4
22. c3 Nb3 23. Ra3 Nc5 24. Bf1 Bc6 25. a5 bxa5 26. Qd2 a4 27. Ne3 Qf6 28. g3
Nh5 29. Bg2 Rfd8 30. Rd1 Ng7 31. Ng4 Qe6 32. Bxc5 dxc5 33. Qxd8+ Rxd8 34. Rxd8+
Kh7 35. Ne3 Qe7 36. Rd2 c4 37. Kf1 Qc5 38. Ke2 Nh5 39. Nf5 Qg1 40. Bf1 Nxg3+
41. Nxg3 Qxg3 42. Ra1 h5 43. Rd6 g4 44. hxg4 hxg4 45. Rxc6 Qxf3+ 46. Kd2 Qf4+
0-1

[Event "ÕÕÕII Nezhmetdinov Memorial"]
[Site "?"]
[Date "2010.06.08"]
[Round "9.30"]
[White "Beliaev, Vasily"]
[Black "Bezgodova, Maria"]
[Result "1-0"]
[WhiteElo "2064"]
[BlackElo "2193"]
[PlyCount "51"]
[EventDate "2010.06.01"]
[SourceDate "2010.06.08"]

1. e4 e5 2. Nf3 Nc6 3. Bc4 Bc5 4. O-O Nf6 5. d4 exd4 6. e5 d5 7. exf6 dxc4 8.
fxg7 Rg8 9. Re1+ Be6 10. Bg5 Be7 11. Bxe7 Nxe7 12. Nxd4 Rxg7 13. Nxe6 fxe6 14.
Qh5+ Rf7 15. Nc3 Qd4 16. Re3 Qf6 17. Ne4 Qxb2 18. Rae1 Qxc2 19. Rf3 Nf5 20.
Rxf5 exf5 21. Ng5+ Kd7 22. Qxf7+ Kc6 23. Ne6 Qc3 24. Qxc7+ Kb5 25. Qxb7+ Ka4
26. Rb1 1-0

[Event "ÕÕÕII Nezhmetdinov Memorial"]
[Site "?"]
[Date "2010.06.08"]
[Round "9.31"]
[White "Emelianov, Fedor"]
[Black "Riazanov, Alexey"]
[Result "1/2-1/2"]
[WhiteElo "2165"]
[BlackElo "2114"]
[PlyCount "29"]
[EventDate "2010.06.01"]
[SourceDate "2010.06.08"]

1. e4 e6 2. Qe2 Be7 3. b3 Nh6 4. d4 Bg5 5. f4 Be7 6. Qe3 d5 7. Bd3 dxe4 8. Bxe4
O-O 9. Nf3 Nd7 10. Ne5 Nf6 11. Bd3 Nd5 12. Qe4 Nf6 13. Qe3 Nd5 14. Qe4 Nf6 15.
Qe3 1/2-1/2

[Event "ÕÕÕII Nezhmetdinov Memorial"]
[Site "?"]
[Date "2010.06.08"]
[Round "8.35"]
[White "Ivanov, Stepan"]
[Black "Zakharov, Kirill"]
[Result "1-0"]
[WhiteElo "2099"]
[BlackElo "1911"]
[PlyCount "55"]
[EventDate "2010.06.01"]
[SourceDate "2010.06.08"]

1. d4 Nf6 2. c4 e6 3. Nf3 b6 4. Nc3 Bb7 5. Bg5 h6 6. Bh4 Bb4 7. e3 g5 8. Bg3
Ne4 9. Rc1 Bxc3+ 10. bxc3 d6 11. Nd2 Nd7 12. Nxe4 Bxe4 13. f3 Bb7 14. h4 e5 15.
c5 bxc5 16. Rb1 Rb8 17. dxc5 dxc5 18. Bb5 c6 19. Bc4 O-O 20. Qd6 Kg7 21. Kf2
Nb6 22. Bxe5+ f6 23. hxg5 hxg5 24. Bd3 Qxd6 25. Bxd6 Rfd8 26. Rh7+ Kg8 27. Bxb8
Rxd3 28. Rxb7 1-0

[Event "ÕÕÕII Nezhmetdinov Memorial"]
[Site "?"]
[Date "2010.06.08"]
[Round "9.36"]
[White "Talov, Nikita"]
[Black "Semenova, Anastasia"]
[Result "1-0"]
[WhiteElo "2087"]
[BlackElo "1898"]
[PlyCount "45"]
[EventDate "2010.06.01"]
[SourceDate "2010.06.08"]

1. e4 e5 2. Nf3 Nf6 3. Nxe5 d6 4. Nf3 Nxe4 5. d4 d5 6. Bd3 Bd6 7. c4 c6 8. O-O
O-O 9. Nc3 Nxc3 10. bxc3 dxc4 11. Bxc4 Bf5 12. Bg5 Qc7 13. Re1 h6 14. Bh4 b5
15. Bb3 Na6 16. Ne5 g5 17. Qh5 Kg7 18. Bxg5 hxg5 19. Qxg5+ Bg6 20. Bxf7 Rxf7
21. Qxg6+ Kf8 22. Nxf7 Qxf7 23. Qxd6+ 1-0

[Event "ÕÕÕII Nezhmetdinov Memorial"]
[Site "?"]
[Date "2010.06.08"]
[Round "9.5"]
[White "Gabdrakhmanov, Rafail"]
[Black "Shcherbakov, Ruslan"]
[Result "0-1"]
[WhiteElo "2362"]
[BlackElo "2516"]
[PlyCount "78"]
[EventDate "2010.06.01"]
[SourceDate "2010.06.08"]

1. e4 e5 2. Nf3 Nc6 3. Bb5 a6 4. Ba4 Nf6 5. d3 b5 6. Bb3 Bc5 7. c3 d6 8. O-O h6
9. a4 Rb8 10. axb5 axb5 11. d4 Bb6 12. Qd3 O-O 13. Nbd2 Bd7 14. Re1 Nh5 15. Nf1
Qf6 16. Be3 Bg4 17. dxe5 dxe5 18. Bxb6 Nf4 19. Qe3 Rxb6 20. N3d2 Rd8 21. f3 Bh3
22. g3 Ng2 23. Qe2 Nxe1 24. Rxe1 Na5 25. Bd5 b4 26. Ra1 bxc3 27. bxc3 Rb2 28.
Qe3 Qb6 29. Qxb6 cxb6 30. Rd1 Bxf1 31. Kxf1 b5 32. Ke1 Rd7 33. Ra1 Rxd2 34.
Rxa5 Rxh2 35. Rxb5 Ra7 36. Rb8+ Kh7 37. Ra8 Rxa8 38. Bxa8 Rc2 39. Bd5 Rxc3 0-1

[Event "ÕÕÕII Nezhmetdinov Memorial"]
[Site "?"]
[Date "2010.06.08"]
[Round "9.4"]
[White "Predke,  Alexandr"]
[Black "Kabanov, Nikolai"]
[Result "1-0"]
[WhiteElo "2417"]
[BlackElo "2517"]
[PlyCount "109"]
[EventDate "2010.06.01"]
[SourceDate "2010.06.08"]

1. e4 g6 2. d4 Bg7 3. Nc3 a6 4. Nf3 d6 5. Be3 Nf6 6. h3 b5 7. e5 Nfd7 8. Ng5
Nb6 9. e6 Bxe6 10. Nxe6 fxe6 11. h4 N8d7 12. h5 Nf8 13. Bd3 Qd7 14. Qf3 d5 15.
hxg6 hxg6 16. Rxh8 Bxh8 17. Bh6 Bf6 18. Bxf8 Kxf8 19. Bxg6 Kg7 20. Qg4 Qd6 21.
Bh5+ Kh8 22. Bf7 Qh2 23. Rd1 Qh1+ 24. Ke2 Qh4 25. Qxe6 Na4 26. Nxa4 bxa4 27.
Qxd5 Qg4+ 28. Ke1 c6 29. Qe6 Qxe6+ 30. Bxe6 Rb8 31. b3 axb3 32. axb3 a5 33. c3
Rb6 34. Bc4 c5 35. Ke2 cxd4 36. cxd4 Rd6 37. Ra1 Bxd4 38. Rxa5 Rf6 39. f3 e5
40. Bd3 Kg7 41. b4 Rc6 42. Rd5 Kf6 43. b5 Rc8 44. Rd6+ Ke7 45. Rg6 Rc3 46. b6
Rb3 47. b7 Rb2+ 48. Kd1 Bc5 49. Be4 Bd6 50. Rg8 Kf7 51. Rc8 Kf6 52. Rc6 Ke7 53.
g4 Bb8 54. Rc8 Bd6 55. g5 1-0

[Event "ÕÕÕII Nezhmetdinov Memorial"]
[Site "?"]
[Date "2010.06.08"]
[Round "9.6"]
[White "Dimukhametov, Artur"]
[Black "Bezgodov, Alexei"]
[Result "0-1"]
[WhiteElo "2278"]
[BlackElo "2494"]
[PlyCount "92"]
[EventDate "2010.06.01"]
[SourceDate "2010.06.08"]

1. Nf3 d5 2. d4 Nc6 3. g3 Bf5 4. Bg2 e6 5. O-O Nf6 6. c3 Be7 7. Nbd2 O-O 8. Nh4
Bg4 9. b4 a6 10. Bf3 e5 11. Nb3 Re8 12. Bg5 Bxf3 13. exf3 h6 14. Be3 e4 15. Nf5
Bf8 16. a4 Qd7 17. g4 Ne7 18. Nxe7+ Bxe7 19. h3 exf3 20. Qxf3 Ne4 21. Bf4 Bd6
22. Bxd6 cxd6 23. Qd3 Rac8 24. Rfc1 f5 25. f3 Ng5 26. Kg2 Rf8 27. Rf1 Qc6 28.
gxf5 Qxc3 29. Qxc3 Rxc3 30. h4 Rxf5 31. hxg5 Rxg5+ 32. Kf2 Rxb3 33. Rab1 Rc3
34. Rfc1 Rc4 35. b5 axb5 36. axb5 h5 37. f4 Rg4 38. Kf3 Rxd4 39. Rc8+ Kh7 40.
Rf8 Rd3+ 41. Kf2 h4 42. f5 h3 43. Ke2 Ra3 44. Rc1 Rg2+ 45. Kf1 Rf3+ 46. Ke1 h2
0-1

[Event "ÕÕÕII Nezhmetdinov Memorial"]
[Site "?"]
[Date "2010.06.08"]
[Round "9.9"]
[White "Sadykov, Ramil"]
[Black "Isajevsky, Anton"]
[Result "0-1"]
[WhiteElo "2207"]
[BlackElo "2424"]
[PlyCount "95"]
[EventDate "2010.06.01"]
[SourceDate "2010.06.09"]

1. e4 g6 2. d4 Bg7 3. Nc3 c6 4. Be3 Qb6 5. Na4 Qa5+ 6. c3 d6 7. b4 Qc7 8. Nf3
Nd7 9. Be2 Ngf6 10. Nd2 O-O 11. c4 b6 12. O-O Bb7 13. Nc3 a6 14. Rc1 Rac8 15.
Qb3 Qb8 16. f4 Rcd8 17. d5 Rfe8 18. Bf3 Rc8 19. Qa3 Qa8 20. dxc6 Bxc6 21. b5
Bb7 22. bxa6 Qxa6 23. Qxa6 Bxa6 24. Be2 Rb8 25. Kf2 Nc5 26. Kf3 Bb7 27. Rb1 Ng4
28. Kxg4 Bxc3 29. Bf3 Bxd2 30. Bxd2 Bxe4 31. Bxe4 Nxe4 32. Be3 Nf6+ 33. Kf3 Nd7
34. Rb4 Ra8 35. a4 Ra6 36. Rfb1 Rea8 37. Bxb6 Rxb6 38. Rxb6 Nxb6 39. Rxb6 Rxa4
40. Rb7 Kf8 41. Rc7 Ra5 42. Kg4 h5+ 43. Kh4 Ra2 44. Kh3 Rc2 45. g4 hxg4+ 46.
Kxg4 Rxh2 47. c5 dxc5 48. Rxc5 0-1